| 000 | 00588nam a2200193 a 4500 | ||
|---|---|---|---|
| 001 | BRCA_2965 | ||
| 005 | 20190320204040.0 | ||
| 008 | 171208s1934----nyua---###---#000-0#eng-# | ||
| 050 | 4 |
_aF1230 _b.P74 1934 |
|
| 100 | 1 |
_aPrescott, William Hickling _d1796-1859 _98071 |
|
| 245 | 1 | 0 |
_aConquest of Mexico _cby William H. Prescott ; with introduction by Carl Van Doren. |
| 260 |
_aNew York _bThe Book League of America _c1934 |
||
| 300 |
_axiv, 488 p. _bil. _c21 cm. |
||
| 500 | _aB79 | ||
| 651 | 4 |
_aMéxico _xHistoria _9614 |
|
| 700 | 1 |
_aVan Doren, Carl _98225 |
|
| 902 | _aGFM | ||
| 942 |
_2lcc _cB |
||
| 999 |
_c2704 _d2704 |
||